Statystyki dla Państwa najbliższe Mauritiusowi

Kliknij tutaj aby rozwiązać quiz!

Ogólne statystyki

  • Ten quiz został rozwiązany 162 razy
  • Średni wynik to 15 z 20

Statystyki odpowiedzi

KmPaństwo% Poprawnych
802Madagaskar
99%
2637Republika
Południowej
Afryki
96%
354Seszele
92%
1333Komory
91%
1746Mozambik
91%
1768Tanzania
86%
1917Somalia
85%
1922Kenia
84%
2648Eswatini
83%
2540Zimbabwe
78%
2505Zambia
77%
2758Indie
76%
2131Etiopia
74%
2123Malediwy
73%
Jemen
69%
2735Uganda
66%
2300Malawi
63%
2813Dżibuti
55%
172Francja
(Reunion)
45%
Sudan Południowy
42%

Rozkład punktacji

Percentyl według liczby udzielonych odpowiedzi

Procent ludzi z każdym wynikiem

Twoja historia wyników

Nie rozwiązałeś tego quizu